The history of Argentina (Registro nro. 6062)
[ vista simple ]
| 000 -LEADER | |
|---|---|
| fixed length control field | 01106 a2200229 4500 |
| 001 - CONTROL NUMBER | |
| control field | 56891 |
| 005 - DATE AND TIME OF LATEST TRANSACTION | |
| control field | 20260407155832.0 |
| 008 - FIXED-LENGTH DATA ELEMENTS--GENERAL INFORMATION | |
| fixed length control field | 260407a2003 arg spa d |
| 003 - CONTROL NUMBER IDENTIFIER | |
| control field | AR-UNSa-BCEJYS |
| 040 ## - CATALOGING SOURCE | |
| Original cataloging agency | AR-UNSa-BCEJYS |
| Language of cataloging | spa |
| Transcribing agency | AR-UNSa-BCEJYS |
| 080 ## - UNIVERSAL DECIMAL CLASSIFICATION NUMBER | |
| Universal Decimal Classification number | 94(82) |
| Common auxiliary subdivision | Historia de Argentina |
| 020 ## - INTERNATIONAL STANDARD BOOK NUMBER | |
| International Standard Book Number | 1-4039-6254-5 |
| 041 ## - LANGUAGE CODE | |
| Language code of text/sound track or separate title | spa |
| 100 1# - MAIN ENTRY--PERSONAL NAME | |
| Personal name | Lewis, Daniel K. |
| 245 10 - TITLE STATEMENT | |
| Title | The history of Argentina |
| 264 #1 - PRODUCTION, PUBLICATION, DISTRIBUTION, MANUFACTURE, AND COPYRIGHT NOTICE | |
| Place of production, publication, distribution, manufacture | New York : |
| Name of producer, publisher, distributor, manufacturer | Palgrave Macmillan |
| Date of production, publication, distribution, manufacture, or copyright notice | 2003 |
| 300 ## - PHYSICAL DESCRIPTION | |
| Extent | 214 p. |
| Dimensions | 26 cm. |
| 505 ## - FORMATTED CONTENTS NOTE | |
| Formatted contents note | 1. Argentina Today – 2. The Colonial Era (to 1800) – 3. Independence and the Construction of Argentina (1800–1880) – 4. Argentina’s “Golden Age” (1880– 1910) – 5. Democracy’s Appearance (1890–1943) – 6. Perón and Argentina (1943–1955) – 7. Under Perón’s Shadow (1955–1972) – 8. A Society at War – 9. Democracy's Fragile Return (1983 – 1995) – 10. A Country in Transition (1991 – 2001) |
| 590 ## - LOCAL NOTE (RLIN) | |
| Local note | niveau_biblio:m niveau_hierar:0 |
| 856 41 - ELECTRONIC LOCATION AND ACCESS | |
| Uniform Resource Identifier | <a href="https://biblioeco.unsa.edu.ar/pmb/images/libros/L128623.jpg">https://biblioeco.unsa.edu.ar/pmb/images/libros/L128623.jpg</a> |
| Link text | Imagen de portada |
| Electronic format type | image/jpeg |
| 942 ## - ADDED ENTRY ELEMENTS (KOHA) | |
| Koha item type | |
| Withdrawn status | Lost status | Damaged status | Not for loan | Home library | Current library | Shelving location | Date acquired | Total checkouts | Full call number | Barcode | Date last seen | Price effective from | Koha item type |
|---|---|---|---|---|---|---|---|---|---|---|---|---|---|
| Biblioteca Prof. Eusebio Cleto del Rey | Biblioteca Prof. Eusebio Cleto del Rey | 07/04/2026 | 94(82) L673 | L128623 | 07/04/2026 | 07/04/2026 | Libro |